Quick Pick: Count to 20 in French Quiz Stats

 Plays Quiz Updated Aug 3, 2017

Support Sporcle.
Go Orange.
Score 0/20 Timer 01:30
0 Plays Today
% Correct
un
97.6%
deux
94.3%
trois
93%
quatre
91%
cinq
84.6%
neuf
83.7%
sept
83.3%
dix
81.8%
onze
79.2%
treize
79.1%
% Correct
six
78.7%
douze
78.6%
quatorze
78%
huit
77.4%
quinze
77.1%
dix-neuf
76.8%
dix-sept
74.3%
dix-huit
74.3%
seize
73%
vingt
72.8%

Today's Daily Dose

You're not logged in!

Compare scores with friends on all Sporcle quizzes.
OR
Log In
Forgot?

From the Vault

Criteria Numbers (40-50)

by Babamots

Calculators are for cheaters. Real mathematicians still use an abacus.
Remove Ads.
Support Sporcle.
Get the best of Sporcle when you Go Orange. This ad-free experience offers more features, more stats, and more fun while also helping to support Sporcle. Thank you for becoming a member.

Show Comments

Extras

Top Quizzes Today


Score Distribution

Your Account Isn't Verified!

In order to create a playlist on Sporcle, you need to verify the email address you used during registration. Go to your Sporcle Settings to finish the process.

Report this User

Report this user for behavior that violates our Community Guidelines.

Details: